Statistics for Shortest World Capital Names (with a map)

Click here to take the quiz!

General Stats

  • This quiz has been taken 116 times
  • The average score is 189 of 196

Answers on the Map

Answers color-coded by a green-red scale on the quiz's map according to % correct below.
 

Answer Stats

capital% Correct
x
100%
Oslo
96%
Lima
92%
Rome
92%
Tokyo
92%
Bern
91%
Paris
89%
Kiev
88%
Riga
88%
Minsk
87%
Seoul
87%
Quito
85%
Cairo
82%
Dakar
82%
La Paz
Sucre
82%
Accra
81%
Rabat
80%
Baku
79%
Dili
79%
Malé
78%
Dhaka
76%
Doha
75%
Sana'a
75%
Sofia
75%
Tunis
75%
Lomé
74%
Vaduz
74%
Abuja
72%
Hanoi
71%
Suva
69%
Apia
68%
Juba
67%
Kabul
66%
Praia
66%
Amman
65%
Yaren
52%

Score Distribution

Percentile by Number Answered

Percent of People with Each Score

Your Score History

You have not taken this quiz